<?xml version="1.0" encoding="UTF-8"?>
<record
    xmlns:xsi="http://www.w3.org/2001/XMLSchema-instance"
    xsi:schemaLocation="http://www.loc.gov/MARC21/slim http://www.loc.gov/standards/marcxml/schema/MARC21slim.xsd"
    xmlns="http://www.loc.gov/MARC21/slim">

  <leader>00586nam a22001937a 4500</leader>
  <controlfield tag="003">LK-CoMWRAF</controlfield>
  <controlfield tag="005">20231201110839.0</controlfield>
  <controlfield tag="008">231014b2002    |||||||| |||| 00| 0 eng d</controlfield>
  <datafield tag="020" ind1=" " ind2=" ">
    <subfield code="a">9552060982</subfield>
  </datafield>
  <datafield tag="040" ind1=" " ind2=" ">
    <subfield code="a">LK-CoMWRAF</subfield>
    <subfield code="d">LK-CoMWRAF</subfield>
    <subfield code="e">LK-CoMWRAF</subfield>
  </datafield>
  <datafield tag="041" ind1=" " ind2=" ">
    <subfield code="a">sin</subfield>
  </datafield>
  <datafield tag="082" ind1=" " ind2=" ">
    <subfield code="a">891.483</subfield>
    <subfield code="b">KAS</subfield>
  </datafield>
  <datafield tag="100" ind1=" " ind2=" ">
    <subfield code="a">&#xD9A;&#xDCF;&#xDC3;&#xDD2;&#xDB8;&#xDCA;. &#xDB1;&#xDD2;&#xDBD;&#xDCF;&#xDBB;&#xDCA; &#xD91;&#xDB1;&#xDCA;.</subfield>
  </datafield>
  <datafield tag="245" ind1=" " ind2=" ">
    <subfield code="a">&#xD85;&#xDBB;&#xDCA; &#xDB0; &#xDAF;&#xDBB;&#xDD4;&#xDC0;&#xDCF;</subfield>
  </datafield>
  <datafield tag="246" ind1=" " ind2=" ">
    <subfield code="a">Ardha daruwa</subfield>
  </datafield>
  <datafield tag="260" ind1=" " ind2=" ">
    <subfield code="a">&#xD9A;&#xDDC;&#xDC5;&#xDB9; :</subfield>
    <subfield code="b">&#xDB1;&#xDD2;&#xDBD;&#xDCF;&#xDBB;&#xDCA; &#xD91;&#xDB1;&#xDCA;. &#xD9A;&#xDCF;&#xDC3;&#xDD2;&#xDB8;&#xDCA;</subfield>
    <subfield code="c">2002</subfield>
  </datafield>
  <datafield tag="650" ind1=" " ind2=" ">
    <subfield code="a">&#xDC3;&#xDD2;&#xD82;&#xDC4;&#xDBD; &#xD9A;&#xDD9;&#xDA7;&#xDD2;&#xD9A;&#xDAD;&#xDCF;</subfield>
  </datafield>
  <datafield tag="942" ind1=" " ind2=" ">
    <subfield code="c">BK</subfield>
  </datafield>
  <datafield tag="952" ind1=" " ind2=" ">
    <subfield code="0">0</subfield>
    <subfield code="1">0</subfield>
    <subfield code="4">0</subfield>
    <subfield code="7">0</subfield>
    <subfield code="a">MAIN</subfield>
    <subfield code="b">MAIN</subfield>
    <subfield code="d">2023-10-14</subfield>
    <subfield code="l">0</subfield>
    <subfield code="o">891.483 KAS</subfield>
    <subfield code="p">RAF2252</subfield>
    <subfield code="r">2023-10-14</subfield>
    <subfield code="w">2023-10-14</subfield>
    <subfield code="y">BK</subfield>
  </datafield>
  <datafield tag="999" ind1=" " ind2=" ">
    <subfield code="c">3876</subfield>
    <subfield code="d">3876</subfield>
  </datafield>
</record>
